Generalized inverses of linear transformations (Record no. 192632)

MARC details
000 -LEADER
fixed length control field 00832nam a2200241Ia 4500
008 - FIXED-LENGTH DATA ELEMENTS--GENERAL INFORMATION
fixed length control field 191130s2009##################000#0#eng##
020 ## - INTERNATIONAL STANDARD BOOK NUMBER
ISBN 9780898716719
082 ## - DEWEY DECIMAL CLASSIFICATION NUMBER
Classification number 512.9434 CAM
100 ## - MAIN ENTRY--AUTHOR NAME
Personal name Campbell, S. L
245 ## - TITLE STATEMENT
Title Generalized inverses of linear transformations
Statement of responsibility, etc Stephen L. Campbell, Carl D. Meyer
250 ## - EDITION STATEMENT
Edition statement 1st ed
260 ## - PUBLICATION, DISTRIBUTION, ETC. (IMPRINT)
Place of publication Philadelphia, PA
Name of publisher Society for Industrial and Applied Mathematics
Year of publication 2009
300 ## - PHYSICAL DESCRIPTION
Number of Pages xx, 272 p. : ill. ; 23 cm
500 ## - GENERAL NOTE
General note Originally published: London : Pitman Pub., 1979. Includes bibliographical references (p. [263]-267) and index
650 ## - SUBJECT ADDED ENTRY--TOPICAL TERM
Topical Term Matrix inversion
Topical Term Transformations (Mathematics)
700 ## - ADDED ENTRY--PERSONAL NAME
Personal name Meyer, C. D
991 ## -
-- 162412
Holdings
Withdrawn status Lost status Damaged status Not for loan Home library Current library Shelving location Date acquired Full call number Accession Number Price effective from Koha item type
        Anna Centenary Library Anna Centenary Library 5TH FLOOR, A WING 13.10.2020 512.9434 CAM 195076 13.10.2020 English Books

Find us on the map